Behavior Therapy with Children and Adolescents: A Clinical Approach /

Guardado en:
Detalles Bibliográficos
Autor principal: Hersen, Michel (autor)
Otros autores: Hasselt, Vincent B. van (autor) (autor)
Formato: Libro
Idioma:Inglés
Temas:
Etiquetas: Agrega una etiqueta
Sin etiquetas, Sé el primero en etiquetar este registro!

MARC

LEADER 00000nam^a2200000^a^4500
001 000032518
005 20250521000000.0
009 20260310085123.747
020 |a 0-89464-606-0 
037 |a Acervo ITESO - Biblioteca 
041 |a ING 
082 |a 157.  |b HER 
100 |a Hersen, Michel  |e (autor) 
245 1 0 |a Behavior Therapy with Children and Adolescents: A Clinical Approach /  |c M. Hersen, V. B. V. Hasselt. 
264 |a Malabar, EUA :  |b Krieger,  |c 1987 
300 |a 570 p. 
336 |a texto  |b txt  |2 rdacontenido 
337 |a sin mediación  |b n  |2 rdamedio 
338 |a volumen  |b nc  |2 rdasoporte 
649 |a XX 
650 |a Psicología Clínica 
650 |a Adaptación Social 
650 |a Psicoterapia 
700 |a Hasselt, Vincent B. van  |e (autor) 
910 |a Fondo General 
920 |a Impresos - Libros 
930 |a Colección General 
905 |a 101 
901 |a 0325180100  |b IT1  |c ACC  |i 032518  |u 20250521 
902 |a https://opac.biblio.iteso.mx/vufind/Record/000032518